MECHANICS OF MATERIALS (Registro nro. 13695)
[ vista simple ]
| 000 -LEADER | |
|---|---|
| fixed length control field | 00488nam a2200181 a 4500 |
| 001 - CONTROL NUMBER | |
| control field | 13695 |
| 005 - DATE AND TIME OF LATEST TRANSACTION | |
| control field | 20180713202111.0 |
| 008 - FIXED-LENGTH DATA ELEMENTS--GENERAL INFORMATION | |
| fixed length control field | 140415d 000 0 eng d |
| 041 ## - LANGUAGE CODE | |
| Language code of text/sound track or separate title | eng |
| 082 ## - DEWEY DECIMAL CLASSIFICATION NUMBER | |
| Classification number | 620.1 |
| Item number | GER |
| 100 1# - MAIN ENTRY--PERSONAL NAME | |
| Personal name | Gere, James M.,. |
| 245 10 - TITLE STATEMENT | |
| Title | MECHANICS OF MATERIALS |
| 250 ## - EDITION STATEMENT | |
| Edition statement | 3a ed. |
| 260 ## - PUBLICATION, DISTRIBUTION, ETC. | |
| Place of publication, distribution, etc. | [s.l.] : |
| Name of publisher, distributor, etc. | CHAPMAN AND HALL, |
| Date of publication, distribution, etc. | [s.f.] |
| 300 ## - PHYSICAL DESCRIPTION | |
| Extent | 807 |
| 650 14 - SUBJECT ADDED ENTRY--TOPICAL TERM | |
| Topical term or geographic name entry element | INGENIERIA |
| General subdivision | MATERIALES |
| -- | MATERIALES |
| 700 1# - ADDED ENTRY--PERSONAL NAME | |
| Personal name | TIMOSHENKO, STEPHEN P. |
| Relator term | coaut. |
| Withdrawn status | Lost status | Source of classification or shelving scheme | Damaged status | Not for loan | Collection code | Home library | Current library | Shelving location | Date acquired | Source of acquisition | Inventory number | Total Checkouts | Full call number | Barcode | Date last seen | Date last checked out | Price effective from | Koha item type |
|---|---|---|---|---|---|---|---|---|---|---|---|---|---|---|---|---|---|---|
| Dewey Decimal Classification | General | Biblioteca Karol Wojtyla | Biblioteca Karol Wojtyla | Sala general | 03/12/2013 | Compra | 151000000000000000003398 | 620.1 GER | 30626 | 16/02/2026 | 26/02/2018 | 03/12/2013 | Libro |